000 00375nam a2200121Ia 4500
005 20260326100027.0
008 260326s9999||||xx |||||||||||||| ||und||
100 _aStagno, Bruno
245 0 _aArquitectura Rural en el trĂ³pico :
_b Enclaves bananeros en Costa Rica /
_cBruno Stagno
260 _bInstituto de Arquitectura Tropical
650 _aARQUITECTURA Y CLIMA
942 _cBK
999 _c6436
_d6436